| 000 | 00379cam a2200157ua 4500 | ||
|---|---|---|---|
| 041 |
_aeng _h |
||
| 082 |
_a828.09 _bRED/AC |
||
| 100 | _aRedgrave, Michael . | ||
| 245 |
_aActors ways and means / _cMichael redgrave. _hTextual Documents |
||
| 250 |
_a1 / _b. |
||
| 260 |
_aLondon : _bHeinemann , _c1961. |
||
| 300 | _a90 ; . | ||
| 504 | _a | ||
| 942 | _cBK | ||
| 999 |
_c8598 _d8598 |
||